Catalog

Record Details

Catalog Search



Sail : a novel  Cover Image Book Book

Sail : a novel / by James Patterson and Howard Roughan.

Patterson, James, 1947- (Author). Roughan, Howard. (Added Author).

Summary:

Since the death of her husband, Anne Dunne and her three children have struggled in every way. In a last ditch effort to save the family, Anne plans an elaborate sailing vacation to bring everyone together once again. But only an hour out of port, everything is going wrong. The teenage daughter, Carrie, is planning to drown herself. The teenage son, Mark, is high on drugs and ten-year-old Ernie is nearly catatonic. This is the worst vacation ever. Anne manages to pull things together bit by bit, but just as they begin feeling like a family again, something catastrophic happens. Survival may be the least of their concerns.

Record details

  • ISBN: 9780316018708
  • ISBN: 0316018708
  • Physical Description: 388 pages ; 25 cm.
  • Edition: First edition.
  • Publisher: New York : Little, Brown, ©2008.
Subject: Sailing > Fiction.
Widows > Fiction.
Dysfunctional families > Fiction.
Genre: Psychological fiction.
Thrillers (Fiction)

Available copies

  • 1 of 1 copy available at scottsboropl.

Holds

  • 0 current holds with 1 total copy.
Show Only Available Copies
Location Call Number / Copy Notes Barcode Shelving Location Status Due Date
scottsboropl F Pat 32269000807217 Adult - Fiction Available -

LDR 02259cam a2200385 a 4500
001117851
003SBPL
00520150630150056.0
008080204s2008 nyu 000 1 eng
010 . ‡a 2008005028
020 . ‡a9780316018708 ‡q(hardcover)
020 . ‡a0316018708 ‡q(hardcover)
035 . ‡a(CONS)117851
035 . ‡a(CPomAG)LMN316161
05000. ‡aPS3566.A822 ‡bS25 2008
08200. ‡a813/.54 ‡222
1001 . ‡aPatterson, James, ‡d1947-
24510. ‡aSail : ‡ba novel / ‡cby James Patterson and Howard Roughan.
250 . ‡aFirst edition.
260 . ‡aNew York : ‡bLittle, Brown, ‡c©2008.
300 . ‡a388 pages ; ‡c25 cm.
336 . ‡atext ‡btxt ‡2rdacontent
337 . ‡aunmediated ‡bn ‡2rdamedia
338 . ‡avolume ‡bnc ‡2rdacarrier
520 . ‡aSince the death of her husband, Anne Dunne and her three children have struggled in every way. In a last ditch effort to save the family, Anne plans an elaborate sailing vacation to bring everyone together once again. But only an hour out of port, everything is going wrong. The teenage daughter, Carrie, is planning to drown herself. The teenage son, Mark, is high on drugs and ten-year-old Ernie is nearly catatonic. This is the worst vacation ever. Anne manages to pull things together bit by bit, but just as they begin feeling like a family again, something catastrophic happens. Survival may be the least of their concerns.
650 0. ‡aSailing ‡vFiction.
650 0. ‡aWidows ‡vFiction.
650 0. ‡aDysfunctional families ‡vFiction.
655 7. ‡aPsychological fiction. ‡2lcgft
655 7. ‡aThrillers (Fiction) ‡2lcgft
7001 . ‡aRoughan, Howard.
901 . ‡a117851 ‡bUnknown ‡c117851 ‡tbiblio

Additional Resources